[Event "Madrid City-ch Seniors 50"]
[Site "Madrid"]
[Date "2021.04.16"]
[Round "9"]
[White "Garcia Martin, Esteban"]
[Black "Gonzalez Rivera, Eduardo"]
[Result "0-1"]
[WhiteElo "1891"]
[BlackElo "2017"]
[PlyCount "100"]
[EventDate "2021.04.06"]
[EventType "swiss"]
[EventRounds "9"]
[EventCountry "ESP"]
[SourceTitle "EXT 2022"]
[Source "ChessBase"]
[SourceDate "2021.10.06"]
[SourceVersion "1"]
[SourceVersionDate "2021.10.06"]
[SourceQuality "1"]

1. c4 e5 2. Nc3 Nf6 3. g3 d5 4. cxd5 Nxd5 5. Bg2 Nb6 6. Nf3 Nc6 7. 0-0 Be6 8. d3 Be7 9. Be3 Qd7 10. Ne4 Bh3 11. Nc5 Bxc5 12. Bxc5 h5 13. Bxh3 Qxh3 14. Ng5 Qf5 15. h4 f6 16. e4 Qd7 17. Nf3 0-0-0 18. d4 exd4 19. a4 Nc4 20. Qb3 N4e5 21. Kg2 Nxf3 22. Qxf3 b6 23. Ba3 Ne5 24. Qb3 g5 25. Rh1 Qc6 26. Rae1 g4 27. Qb5 Qxb5 28. axb5 Rd7 29. Ra1 d3 30. Rhd1 Kb7 31. Bb4 Nf3 32. Ra3 d2 33. Bc3 Rd6 34. Ra4 Re8 35. Kf1 Rde6 36. Rb4 Rxe4 37. Rxe4 Rxe4 38. Bxd2 Rd4 39. Ke2 Rxd2+ 40. Rxd2 Nxd2 41. Kxd2 c6 42. bxc6+ Kxc6 43. Kc3 a5 44. Kd4 b5 45. Ke4 a4 46. f4 b4 47. Kd4 a3 48. bxa3 bxa3 49. Kc3 Kd5 50. Kb3 Ke4 0-1

[Event "Madrid City-ch Seniors 65"]
[Site "Madrid"]
[Date "2021.03.10"]
[Round "3"]
[White "Gonzalez Rivera, Eduardo"]
[Black "Martin Garcia, Luis I"]
[Result "1-0"]
[WhiteElo "1999"]
[BlackElo "1860"]
[PlyCount "77"]
[EventDate "2021.03.08"]
[EventType "swiss"]
[EventRounds "7"]
[EventCountry "ESP"]
[SourceTitle "EXT 2022"]
[Source "ChessBase"]
[SourceDate "2021.10.06"]
[SourceVersion "1"]
[SourceVersionDate "2021.10.06"]
[SourceQuality "1"]

1. e4 e6 2. d4 d5 3. Nd2 c5 4. exd5 Qxd5 5. Ngf3 cxd4 6. Bc4 Qd6 7. 0-0 Nf6 8. Nb3 Nc6 9. Nbxd4 Nxd4 10. Nxd4 a6 11. Be3 Qc7 12. Qe2 Bd6 13. h3 0-0 14. Bg5 Nd5 15. Bxd5 exd5 16. Qf3 Be5 17. Qxd5 Bxd4 18. Qxd4 Qxc2 19. Be7 Re8 20. Rac1 Qg6 21. Rc3 f5 22. Rg3 Qf7 23. Bf6 g6 24. b3 Bd7 25. h4 Re4 26. Qb2 Rae8 27. Bc3 Rxh4 28. Qd2 f4 29. Qd4 Kf8 30. Rd3 Bf5 31. Rdd1 Rg4 32. Rfe1 Be6 33. f3 Rg3 34. Qd6+ Kg8 35. Qe5 Kf8 36. Rd6 Rxg2+ 37. Kxg2 Bh3+ 38. Kh2 Rxe5 39. Rxe5 1-0

[Event "Madrid-ch final"]
[Site "Madrid"]
[Date "2019.05.30"]
[Round "6"]
[White "Gonzalez Rivera, Eduardo"]
[Black "Rojas Pozo, Jose Luis"]
[Result "0-1"]
[WhiteElo "1998"]
[BlackElo "1974"]
[PlyCount "56"]
[EventDate "2019.05.25"]
[EventType "swiss"]
[EventRounds "7"]
[EventCountry "ESP"]
[SourceTitle "CBM 190 Extra"]
[Source "ChessBase"]
[SourceDate "2019.07.15"]
[SourceVersion "1"]
[SourceVersionDate "2019.07.15"]
[SourceQuality "1"]

1. e4 e5 2. Nf3 Nc6 3. Bb5 a6 4. Bxc6 dxc6 5. 0-0 Bg4 6. d3 Qf6 7. Nbd2 Ne7 8. h3 h5 9. Re1 Ng6 10. hxg4 hxg4 11. Nh2 Rxh2 12. Kxh2 Qxf2 13. Nb3 Be7 14. Be3 Qh4+ 15. Kg1 0-0-0 16. Bf2 g3 17. Bxg3 Qxg3 18. Qf3 Qxf3 19. gxf3 Nf4 20. Red1 Rh8 21. d4 Rh3 22. dxe5 Bh4 23. Nd4 Rg3+ 24. Kh1 Rh3+ 25. Kg1 Rg3+ 26. Kf2 Rg2+ 27. Ke3 c5 28. Kxf4 Bg5+ 0-1

[Event "Madrid-ch final"]
[Site "Madrid"]
[Date "2019.05.28"]
[Round "4"]
[White "Mkrtchyan, Levon"]
[Black "Gonzalez Rivera, Eduardo"]
[Result "1-0"]
[WhiteElo "2168"]
[BlackElo "1998"]
[PlyCount "57"]
[EventDate "2019.05.25"]
[EventType "swiss"]
[EventRounds "7"]
[EventCountry "ESP"]
[SourceTitle "CBM 190 Extra"]
[Source "ChessBase"]
[SourceDate "2019.07.15"]
[SourceVersion "1"]
[SourceVersionDate "2019.07.15"]
[SourceQuality "1"]

1. e4 e5 2. Nf3 Nc6 3. Bc4 Nf6 4. d3 Bc5 5. c3 d6 6. Nbd2 Bb6 7. Bb3 Ne7 8. 0-0 c6 9. d4 Ng6 10. Re1 0-0 11. Nc4 Bc7 12. Bc2 Re8 13. a4 Bg4 14. Ne3 Qc8 15. h3 Bxh3 16. gxh3 Qxh3 17. Ng5 Qd7 18. Nf5 d5 19. dxe5 Nxe5 20. f4 dxe4 21. fxe5 Qxf5 22. exf6 Bb6+ 23. Kh1 gxf6 24. Rf1 Qg6 25. Nxe4 Rxe4 26. Bxe4 Qxe4+ 27. Qf3 Qh4+ 28. Kg2 Bc7 29. Bf4 1-0

[Event "Madrid-ch final"]
[Site "Madrid"]
[Date "2019.05.26"]
[Round "2"]
[White "Gonzalez Rivera, Eduardo"]
[Black "Pindado Campos, Raul"]
[Result "1-0"]
[WhiteElo "1998"]
[BlackElo "2089"]
[PlyCount "139"]
[EventDate "2019.05.25"]
[EventType "swiss"]
[EventRounds "7"]
[EventCountry "ESP"]
[SourceTitle "CBM 190 Extra"]
[Source "ChessBase"]
[SourceDate "2019.07.15"]
[SourceVersion "1"]
[SourceVersionDate "2019.07.15"]
[SourceQuality "1"]

1. e4 c5 2. Nf3 d6 3. d4 cxd4 4. Nxd4 Nf6 5. Nc3 g6 6. Be3 Bg7 7. Be2 Nc6 8. Nb3 Bd7 9. f4 0-0 10. g4 a5 11. g5 Ne8 12. a4 Nb4 13. h4 Bc6 14. Nd4 e5 15. Nxc6 bxc6 16. f5 d5 17. Bc5 f6 18. exd5 cxd5 19. fxg6 hxg6 20. Bxb4 axb4 21. Nxd5 Rc8 22. gxf6 Nxf6 23. Nxb4 Qa5 24. c3 Rfd8 25. Qb3+ Kh8 26. h5 g5 27. h6 Bf8 28. Qf7 Nh7 29. Bc4 Rxc4 30. Qxc4 Qa8 31. Rf1 Bxh6 32. Rd1 g4 33. Rxd8+ Qxd8 34. Qd5 Qg5 35. Qa8+ Nf8 36. Rxf8+ Bxf8 37. Qxf8+ Kh7 38. Qf7+ Kh6 39. Qe6+ Kh7 40. Qd7+ Kh8 41. Ke2 g3 42. Qh3+ Kg7 43. Qg2 Qh5+ 44. Ke3 Qg5+ 45. Ke2 Qh5+ 46. Ke1 Qg5 47. Nd3 e4 48. Qxe4 g2 49. Qb7+ Kg8 50. Qa8+ Kg7 51. Qa7+ Kg8 52. Qg1 Qg3+ 53. Ke2 Qg4+ 54. Kd2 Qg5+ 55. Kc2 Qg4 56. Nf4 Qf5+ 57. Kb3 Qf7+ 58. Ka3 Qf8+ 59. Ka2 Qf7+ 60. Ka1 Qxf4 61. Qxg2+ Kf7 62. Qb7+ Ke8 63. Qb4 Qf1+ 64. Ka2 Qf7+ 65. c4 Qf2 66. a5 Kd7 67. Qb5+ Kc8 68. a6 Kd8 69. Qb8+ Kd7 70. a7 1-0

[Event "Madrid-ch sf"]
[Site "Madrid"]
[Date "2018.05.06"]
[Round "2"]
[White "Vukotic Jovsic, Dragan"]
[Black "Gonzalez Rivera, Eduardo"]
[Result "1-0"]
[WhiteElo "1958"]
[BlackElo "2047"]
[PlyCount "72"]
[EventDate "2018.05.05"]
[EventType "swiss"]
[EventRounds "9"]
[EventCountry "ESP"]
[SourceTitle "CBM 184 Extra"]
[Source "ChessBase"]
[SourceDate "2018.06.28"]
[SourceVersion "1"]
[SourceVersionDate "2018.06.28"]
[SourceQuality "1"]

1. d4 d5 2. Bf4 Nf6 3. e3 Bf5 4. Nf3 e6 5. Bd3 Bg6 6. Qe2 c6 7. Nbd2 Qb6 8. 0-0-0 Nbd7 9. Ne5 Nxe5 10. Bxe5 Nd7 11. Bf4 Bxd3 12. Qxd3 c5 13. c3 Rc8 14. Kb1 a5 15. c4 cxd4 16. cxd5 e5 17. Nc4 Rxc4 18. Qxc4 exf4 19. exd4 Ke7 20. Qc8 Kd6 21. Rhe1 Qc7 22. Qe8 Nf6 23. Re6+ Kxd5 24. Re5+ Kd6 25. Qb5 Qc6 26. Qxa5 b6 27. Qa7 Qc7 28. Qa8 Qc6 29. Qd8+ Nd7 30. Rc1 Qb7 31. b4 f6 32. Re8 g5 33. b5 Bg7 34. Rc6+ Kd5 35. f3 Rxe8 36. Qxe8 Ne5 1-0

[Event "Madrid-ch Seniors 65 1718"]
[Site "Madrid"]
[Date "2018.01.25"]
[Round "4"]
[White "Gonzalez Rivera, Eduardo"]
[Black "Lopez Heras, Arturo"]
[Result "1-0"]
[WhiteElo "2014"]
[BlackElo "1859"]
[PlyCount "59"]
[EventDate "2018.01.22"]
[EventType "swiss"]
[EventRounds "7"]
[EventCountry "ESP"]
[SourceTitle "EXT 2020"]
[Source "ChessBase"]
[SourceDate "2019.10.17"]
[SourceVersion "1"]
[SourceVersionDate "2019.10.17"]
[SourceQuality "1"]

1. e4 c5 2. Nf3 d6 3. d4 cxd4 4. Nxd4 Nf6 5. Nc3 a6 6. Bc4 e6 7. Bb3 b5 8. 0-0 Be7 9. a3 0-0 10. f4 Bb7 11. f5 e5 12. Nde2 Nxe4 13. Nxe4 Bxe4 14. Ng3 Bb7 15. f6 Bxf6 16. Nh5 Nd7 17. Qg4 Kh8 18. Rxf6 g6 19. Rxd6 gxh5 20. Qxd7 Qh4 21. Bg5 Qxg5 22. Qxb7 e4 23. Qxe4 Rae8 24. Qd4+ f6 25. Qd2 Qg4 26. h3 Qc8 27. Rf1 Re7 28. Qd4 Rg7 29. Rdxf6 Rd8 30. Qxd8+ 1-0

[Event "Madrid-ch Seniors 65 1718"]
[Site "Madrid"]
[Date "2018.01.23"]
[Round "2"]
[White "Fernandez Garcia, Ignacio"]
[Black "Gonzalez Rivera, Eduardo"]
[Result "1/2-1/2"]
[WhiteElo "1858"]
[BlackElo "2014"]
[PlyCount "172"]
[EventDate "2018.01.22"]
[EventType "swiss"]
[EventRounds "7"]
[EventCountry "ESP"]
[SourceTitle "EXT 2020"]
[Source "ChessBase"]
[SourceDate "2019.10.17"]
[SourceVersion "1"]
[SourceVersionDate "2019.10.17"]
[SourceQuality "1"]

1. e4 e5 2. Nf3 Nc6 3. Bc4 Nf6 4. Nc3 Bb4 5. d3 d5 6. exd5 Nxd5 7. 0-0 Nxc3 8. bxc3 Bxc3 9. Ng5 Qe7 10. Bxf7+ Kd8 11. Rb1 h6 12. Qh5 Rf8 13. Rb5 Bd7 14. Qg6 Kc8 15. Rb3 hxg5 16. Bd5 Be8 17. Qe4 Bd4 18. Ba3 Bc5 19. Bc1 Qf6 20. Qg4+ Bd7 21. Qg3 g4 22. Rb5 Bd6 23. Be4 Rb8 24. c3 Nd4 25. Rb2 Nc6 26. Be3 b6 27. f3 Bc5 28. Bxc5 bxc5 29. Rbf2 Qg5 30. h3 Qh6 31. fxg4 Rxf2 32. Rxf2 Rb1+ 33. Kh2 Qd6 34. d4 Re1 35. dxc5 Qxc5 36. Bf5 Re3 37. Qh4 Rxc3 38. Qh8+ Kb7 39. Rb2+ Nb4 40. Bxd7 a5 41. Bf5 Qd4 42. Rb1 e4 43. a3 Rxa3 44. Qc8+ Kb6 45. Qb8+ Kc5 46. Qxc7+ Nc6 47. Qb6+ Kd6 48. Qxd4+ Nxd4 49. Bxe4 Re3 50. Bh7 a4 51. Rb4 Ke5 52. Rxa4 Re2 53. Ra3 g5 54. Kg3 Rd2 55. Rd3 Re2 56. Ra3 Rd2 57. Bd3 Rb2 58. Ba6 Rd2 59. Re3+ Kf6 60. Rd3 Ne2+ 61. Kf2 Ra2 62. Rd6+ Ke5 63. Re6+ Kxe6 64. Bc4+ Ke5 65. Bxa2 Nd4 66. g3 Nc6 67. Ke3 Nb4 68. Bb3 Nc6 69. h4 Kf6 70. Ke4 Ne7 71. h5 Nc6 72. Bd1 Ne5 73. Be2 Nf7 74. Kd5 Ne5 75. Kd6 Nf7+ 76. Kd7 Ne5+ 77. Ke8 Kg7 78. Ke7 Nc6+ 79. Kd6 Nd4 80. Bd1 Nb5+ 81. Ke5 Nc3 82. Bf3 Nb5 83. Be4 Nc3 84. Bc6 Ne2 85. Kf5 Kh6 86. Ke4 Nxg3+ 1/2-1/2

[Event "Madrid-ch Seniors 50"]
[Site "Madrid"]
[Date "2018.01.17"]
[Round "8"]
[White "Gonzalez Rivera, Eduardo"]
[Black "Lopez Heras, Arturo"]
[Result "1-0"]
[WhiteElo "2014"]
[BlackElo "1859"]
[PlyCount "75"]
[EventDate "2018.01.08"]
[EventType "swiss"]
[EventRounds "9"]
[EventCountry "ESP"]
[SourceTitle "CBM 182 Extra"]
[Source "ChessBase"]
[SourceDate "2018.02.23"]
[SourceVersion "1"]
[SourceVersionDate "2018.02.23"]
[SourceQuality "1"]

1. e4 c5 2. Nf3 d6 3. d4 cxd4 4. Nxd4 Nf6 5. Nc3 a6 6. Bc4 e6 7. Bb3 Be7 8. 0-0 b5 9. a3 Qc7 10. f4 Nc6 11. Nde2 Ng4 12. Qe1 Qb6+ 13. Kh1 a5 14. Qg3 h5 15. f5 Nce5 16. fxe6 Bxe6 17. Nf4 h4 18. Qe1 Bxb3 19. cxb3 Rc8 20. h3 Nf6 21. Nfd5 Nxd5 22. Nxd5 Qd4 23. Nc3 b4 24. axb4 axb4 25. Be3 Qd3 26. Rd1 Qc2 27. Rd2 Qxb3 28. Nb5 0-0 29. Nd4 Qa4 30. Nf5 Qd7 31. Bf2 g5 32. Bd4 f6 33. Bxe5 fxe5 34. Qd1 Rf6 35. Qh5 Rxf5 36. Qg6+ Kh8 37. Rxf5 Qe8 38. Rf7 1-0

[Event "Madrid-ch Seniors 50"]
[Site "Madrid"]
[Date "2018.01.16"]
[Round "7"]
[White "Pastor Alonso de Prado, Emilio Alberto"]
[Black "Gonzalez Rivera, Eduardo"]
[Result "1-0"]
[WhiteElo "2190"]
[BlackElo "2014"]
[PlyCount "64"]
[EventDate "2018.01.08"]
[EventType "swiss"]
[EventRounds "9"]
[EventCountry "ESP"]
[SourceTitle "CBM 182 Extra"]
[Source "ChessBase"]
[SourceDate "2018.02.23"]
[SourceVersion "1"]
[SourceVersionDate "2018.02.23"]
[SourceQuality "1"]

1. e4 e5 2. f4 exf4 3. Nf3 g5 4. Nc3 d6 5. g3 Nc6 6. d4 Bh6 7. Bb5 a6 8. Bxc6+ bxc6 9. gxf4 gxf4 10. Rg1 Qf6 11. Qe2 Ne7 12. Bd2 a5 13. e5 Qf5 14. 0-0-0 d5 15. Nh4 Qh3 16. Qf2 Ng6 17. Ng2 Qf5 18. Rdf1 Ba6 19. Re1 a4 20. e6 Bc8 21. Nh4 Qf6 22. exf7+ Kxf7 23. Nf3 a3 24. b3 Re8 25. Rxe8 Kxe8 26. h4 Be6 27. Na4 Bf5 28. Nc5 Bf8 29. Re1+ Kd8 30. h5 Bxc5 31. hxg6 hxg6 32. Bxf4 Kc8 1-0

[Event "Madrid-ch Seniors 50"]
[Site "Madrid"]
[Date "2018.01.10"]
[Round "3"]
[White "Martinez Carrasco, Jesus"]
[Black "Gonzalez Rivera, Eduardo"]
[Result "0-1"]
[WhiteElo "1568"]
[BlackElo "2014"]
[PlyCount "72"]
[EventDate "2018.01.08"]
[EventType "swiss"]
[EventRounds "9"]
[EventCountry "ESP"]
[SourceTitle "CBM 182 Extra"]
[Source "ChessBase"]
[SourceDate "2018.02.23"]
[SourceVersion "1"]
[SourceVersionDate "2018.02.23"]
[SourceQuality "1"]

1. d4 d5 2. c4 c6 3. e3 Nf6 4. Nc3 Bf5 5. Nf3 e6 6. Be2 Nbd7 7. 0-0 Bd6 8. Re1 Rc8 9. cxd5 cxd5 10. Bd2 0-0 11. Rc1 a6 12. Bf1 Ne4 13. g3 Bg4 14. Bg2 Qf6 15. h3 Bxf3 16. Nxe4 dxe4 17. Bxf3 exf3 18. Kh2 e5 19. Bc3 e4 20. Qb3 b5 21. Qd5 Qe6 22. Qg5 h6 23. Qh4 g5 24. Qh5 Nf6 25. d5 Nxh5 26. dxe6 fxe6 27. Rcd1 b4 28. Rxd6 bxc3 29. bxc3 Rxc3 30. Rxa6 Rc2 31. Kg1 Kf7 32. a4 Nxg3 33. Ra7+ Kf6 34. a5 Rd8 35. Kh2 Nf5 36. Rf1 Nxe3 0-1

[Event "ESP-ch Seniors 65+"]
[Site "Altea"]
[Date "2017.10.09"]
[Round "3"]
[White "Gonzalez Rivera, Eduardo"]
[Black "Dominguez Rueda, Juan"]
[Result "0-1"]
[WhiteElo "2020"]
[BlackElo "2135"]
[PlyCount "88"]
[EventDate "2017.10.07"]
[EventType "swiss"]
[EventRounds "9"]
[EventCountry "ESP"]
[SourceTitle "CBM 181 Extra"]
[Source "ChessBase"]
[SourceDate "2017.12.12"]
[SourceVersion "1"]
[SourceVersionDate "2017.12.12"]
[SourceQuality "1"]

1. e4 e5 2. Nf3 Nc6 3. Bb5 Nf6 4. d3 d6 5. c3 Be7 6. 0-0 0-0 7. Re1 Bd7 8. Ba4 Re8 9. Nbd2 a6 10. Nf1 b5 11. Bc2 Bf8 12. Ne3 g6 13. Bd2 Bg7 14. a4 b4 15. cxb4 Rb8 16. b5 axb5 17. axb5 Rxb5 18. Bc3 Rb8 19. Bb3 Nh5 20. Nd5 Nd4 21. Nxd4 exd4 22. Ba5 Rb7 23. Rc1 Qh4 24. g3 Qh3 25. Rxc7 Reb8 26. Rxb7 Rxb7 27. Nb6 Nf6 28. f3 Bh6 29. Nxd7 Nxd7 30. f4 Nc5 31. Bd5 Rxb2 32. Re2 Qh5 33. Rd2 Qxd1+ 34. Rxd1 g5 35. Bc7 gxf4 36. Bxd6 Na4 37. Ra1 f3 38. Bf4 Bxf4 39. gxf4 Nc3 40. f5 Kg7 41. Bc4 Kf6 42. Ra7 f2+ 43. Kg2 Nd1 44. Rxf7+ Ke5 0-1

[Event "Madrid-ch"]
[Site "Madrid"]
[Date "2017.06.08"]
[Round "4"]
[White "Gonzalez Rivera, Eduardo"]
[Black "Torres Bosch, Jose Francisco"]
[Result "0-1"]
[WhiteElo "2036"]
[BlackElo "2132"]
[PlyCount "82"]
[EventDate "2017.06.05"]
[EventType "swiss"]
[EventRounds "7"]
[EventCountry "ESP"]
[SourceTitle "CBM 179 Extra"]
[Source "ChessBase"]
[SourceDate "2017.08.23"]
[SourceVersion "1"]
[SourceVersionDate "2017.08.23"]
[SourceQuality "1"]

1. e4 c5 2. Nf3 d6 3. d4 cxd4 4. Nxd4 Nf6 5. Nc3 a6 6. Bc4 e6 7. Bb3 Nbd7 8. 0-0 Nc5 9. f4 Nxb3 10. axb3 Be7 11. Kh1 0-0 12. f5 Bd7 13. Qf3 b5 14. b4 a5 15. bxa5 b4 16. Nce2 Rxa5 17. Bd2 e5 18. Nb3 Rb5 19. Bg5 Bc6 20. Bxf6 Bxf6 21. Ng3 Bh4 22. Rad1 Bxg3 23. Qxg3 Bxe4 24. f6 Bg6 25. fxg7 Kxg7 26. Rd2 Qe7 27. Qf3 Rc8 28. Qe2 Rb7 29. Rfd1 Rbc7 30. Na1 Rc6 31. h3 f5 32. Qb5 Qh4 33. Rxd6 Rxd6 34. Rxd6 Qe1+ 35. Kh2 Rf8 36. Nb3 f4 37. Nc5 Qg3+ 38. Kh1 f3 39. Ne6+ Kh6 40. Qf1 fxg2+ 41. Qxg2 Qe1+ 0-1

[Event "Madrid-ch sf"]
[Site "Madrid"]
[Date "2017.04.05"]
[Round "8"]
[White "Gonzalez Rivera, Eduardo"]
[Black "Torres Bosch, Jose Francisco"]
[Result "0-1"]
[WhiteElo "2020"]
[BlackElo "2154"]
[PlyCount "62"]
[EventDate "2017.03.27"]
[EventType "swiss"]
[EventRounds "9"]
[EventCountry "ESP"]
[SourceTitle "CBM 177 Extra"]
[Source "ChessBase"]
[SourceDate "2017.04.27"]
[SourceVersion "1"]
[SourceVersionDate "2017.04.27"]
[SourceQuality "1"]

1. e4 c5 2. Nf3 d6 3. d4 cxd4 4. Nxd4 Nf6 5. Nc3 a6 6. Bg5 e6 7. f4 Qc7 8. Qf3 b5 9. Bd3 Nbd7 10. f5 Ne5 11. Qg3 Be7 12. 0-0-0 Bd7 13. Kb1 0-0-0 14. fxe6 fxe6 15. Nce2 Kb8 16. Bd2 Nh5 17. Qh3 g6 18. Nb3 Rdf8 19. Rhf1 Ng4 20. Qxg4 e5 21. Rf5 Nf6 22. Qf3 gxf5 23. exf5 Bc6 24. Qe3 e4 25. Ned4 exd3 26. cxd3 Bd5 27. Rc1 Qd7 28. Na5 Rc8 29. Ne6 Rxc1+ 30. Bxc1 Bd8 31. Nxd8 Qxd8 0-1